Central Library OPAC University of Rajshahi

Probability, random variables, and stochastic processes / (Record no. 6908)

MARC details
000 -LEADER
fixed length control field 00829cam a22002771 4500
001 - CONTROL NUMBER
control field 6908
003 - CONTROL NUMBER IDENTIFIER
rucl marc code BD-RjUL
005 - DATE AND TIME OF LATEST TRANSACTION
control field 20211208234334.0
008 - FIXED-LENGTH DATA ELEMENTS--GENERAL INFORMATION
fixed length control field 140112s1965 nyua 000 0 eng d
035 ## - SYSTEM CONTROL NUMBER
System control number (BD-RjUL)6950
040 ## - CATALOGING SOURCE
Original cataloging agency DLC
Transcribing agency DLC
Modifying agency DLC
-- (BD-RjUL)
Language of cataloging eng
041 ## - LANGUAGE CODE
Language code of text/sound track or separate title eng
082 00 - DEWEY DECIMAL CLASSIFICATION NUMBER
Classification number 519.1
Author mark and year PAP
100 1# - MAIN ENTRY--PERSONAL NAME
Personal name Papoulis, Athanasios,
Dates associated with a name 1921-
9 (RLIN) 21462
245 10 - TITLE STATEMENT
Title Probability, random variables, and stochastic processes /
Statement of responsibility, etc. Papoulis, Athanasios,
260 ## - PUBLICATION, DISTRIBUTION, ETC. (IMPRINT)
Place of publication, distribution, etc. New York :
Name of publisher, distributor, etc. McGraw-Hill ,
Date of publication, distribution, etc. [c1965]
300 ## - PHYSICAL DESCRIPTION
Pagination xi, 583 p. :
Illustrations illus. ;
Size 23 cm.
490 0# - SERIES STATEMENT
Series statement McGraw-Hill series in systems science
504 ## - BIBLIOGRAPHY, ETC. NOTE
Bibliography, etc Includes Index
650 #0 - SUBJECT ADDED ENTRY--TOPICAL TERM
Topical term or geographic name as entry element Probabilities.
9 (RLIN) 243
Topical term or geographic name as entry element Random variables.
9 (RLIN) 21255
Topical term or geographic name as entry element Stochastic processes.
9 (RLIN) 21683
942 ## - ADDED ENTRY ELEMENTS (KOHA)
Source of classification or shelving scheme Dewey Decimal Classification
Koha item type Books
Holdings
Lost status Source of classification or shelving scheme Damaged status Not for loan Collection code Permanent Location Current Location Shelving location Date acquired Source of acquisition Cost, normal purchase price Total Checkouts Full call number Date last seen Copy number Koha item type
  Dewey Decimal Classification   Not For Loan Non-fiction Central Library, University of Rajshahi Central Library, University of Rajshahi   18/03/1967 Book View, Dacca 76.50   519.1 PAP 1965 12/01/2014 C-1 Books